| 000 | 00375nam a2200133Ia 4500 | ||
|---|---|---|---|
| 008 | 211109s9999||||xx |||||||||||||| ||und|| | ||
| 082 |
_a894.8123 _bNAR-O |
||
| 100 | _aNarayanapillai Muthoor M, | ||
| 245 | 0 | _aOruporali | |
| 260 |
_bM Press _aQuilon _c1994 |
||
| 630 | _xGeneral Stack | ||
| 650 |
_aMalayalam Literature _vMalayalam FictionLiterature _xGeneralia |
||
| 942 | _cBOOK | ||
| 999 |
_c11008 _d11008 |
||